000 00523nam a22001937a 4500
003 KOHA_MİRAKIL
005 20250929081634.0
008 250929b tu ||||| |||| 00| 0 tur d
020 _a9789751038883
040 _aTR-AnABB
_btur
_cTR-AnABB
041 _atur
082 _a811.42
_bUSL 2018
100 1 _aUslu, Ali Deniz,
245 1 0 _aMor saki /
_cAli Deniz Uslu
260 _aİstanbul :
_bİnkılap Kitabevi,
_c2018
300 _a109 sayfa ;
_c21 cm
650 0 4 _aTürk edebiyatı, roman
942 _2ddc
_cBK
999 _c8941
_d8941
900 _bGizem YORULMAZ